000 00573cam a2200145 4500500
005 20260111093521.0
041 _afre
042 _adc
100 1 0 _aMiossec, Alain
_eauthor
245 0 0 _aLouis Brigand, illustrations de Didier-Marie Le Bihan, Enez Sun, Carnets d’un géographe à l’île de Sein, Éditions dialogues, 2017, 127 pages, 14 €
260 _c2018.
500 _a81
786 0 _nLa Géographie | 1568 | 1 | 2018-01-02 | p. 57f-60f | 1964-9002
856 4 1 _uhttps://shs.cairn.info/revue-la-geographie-2018-1-page-57f?lang=fr&redirect-ssocas=7080
999 _c1626596
_d1626596